| 000 | 01006cam a2200313 i 4500 | ||
|---|---|---|---|
| 001 | 1235936 | ||
| 003 | YEEZEN | ||
| 005 | 20260112140621.0 | ||
| 008 | 251215s2025 ch a g 000 0 chi d | ||
| 020 |
_a9786264183604 _q(平裝) : _cNT$380 |
||
| 040 |
_aTWTNM _bchi _cTWTNM |
||
| 042 | _anbic | ||
| 084 |
_a528.2 _2ncsclt |
||
| 090 | _a528.2 | ||
| 100 | 1 | _a趙逸帆 | |
| 245 | 1 | 0 |
_a焦慮的是我們,不是他們 : _b從理解到陪伴,重新認識網路原生代的36個共好練習 / _c趙逸帆著 |
| 246 | 3 | 0 | _a從理解到陪伴,重新認識網路原生代的36個共好練習 |
| 246 | 3 | 0 | _a從理解到陪伴,重新認識網路原生代的三十六個共好練習 |
| 250 | _a初版 | ||
| 260 |
_a臺北市 : _b遠流, _c2025.10 |
||
| 300 |
_a239面 : _b圖 ; _c21公分 |
||
| 490 | 1 | _a綠蠹魚Read it! | |
| 500 | _a含附錄 | ||
| 650 | 7 |
_a親職教育 _2lcstt. |
|
| 650 | 7 |
_a親子關係 _2lcstt. |
|
| 650 | 7 |
_a網路社會 _2lcstt. |
|
| 830 | 0 | _a綠蠹魚Read it! | |
| 942 |
_2ccl _cBOOK |
||
| 999 |
_c7686 _d7686 |
||